[Event "American Continental 10th"]
[Site "Praia da Pipa"]
[Date "2014.10.26"]
[Round "11"]
[White "Cabezas Rojas, Bastian"]
[Black "Acosta, Pablo Ismael"]
[Result "0-1"]
[WhiteElo "1942"]
[BlackElo "2300"]
[PlyCount "114"]
[EventDate "2014.10.18"]
[EventType "swiss"]
[EventRounds "11"]
[EventCountry "BRA"]
[SourceTitle "EXT 2015"]
[Source "ChessBase"]
[SourceDate "2014.11.20"]
[SourceVersion "1"]
[SourceVersionDate "2014.11.20"]
[SourceQuality "1"]

1. d4 d5 2. Nf3 e6 3. g3 Nf6 4. c4 Bb4+ 5. Bd2 Be7 6. Bg2 0-0 7. Qb3 c5 8. cxd5 exd5 9. dxc5 Nc6 10. 0-0 h6 11. e3 Ne4 12. Bc3 Nxc5 13. Qc2 Bg4 14. Ne5 Bh5 15. g4 Nxe5 16. gxh5 Qd6 17. Qf5 Bf6 18. Na3 Qe6 19. Qxe6 fxe6 20. Nb5 a6 21. Nd4 Rfe8 22. h3 Rac8 23. Rad1 Na4 24. Ne2 Nxc3 25. Nxc3 Nc4 26. Nxd5 exd5 27. Bxd5+ Kf8 28. Bxb7 Rb8 29. Bxa6 Nxb2 30. Rd7 Re7 31. Rxe7 Kxe7 32. Rc1 Ra8 33. Be2 Rxa2 34. Kg2 Na4 35. Bc4 Rd2 36. Kg3 Nc3 37. f3 Nd1 38. e4 Bb2 39. Rb1 Kd6 40. Bb3 Nc3 41. Re1 Ne2+ 42. Kg4 Nc1 43. Bc4 Rg2+ 44. Kf4 Bc3 45. e5+ Ke7 46. Rd1 Ne2+ 47. Bxe2 Rxe2 48. Rd5 Rg2 49. Rc5 Bd2+ 50. Ke4 Rg5 51. f4 Rxh5 52. Rc7+ Kf8 53. Rd7 Bb4 54. Rb7 Be7 55. Rb3 g6 56. Rf3 Rf5 57. Rg3 Kf7 0-1

[Event "American Continental 10th"]
[Site "Praia da Pipa"]
[Date "2014.10.24"]
[Round "9"]
[White "Cabezas Rojas, Bastian"]
[Black "Souza, Marcos Valerio"]
[Result "1-0"]
[WhiteElo "1942"]
[BlackElo "2117"]
[PlyCount "119"]
[EventDate "2014.10.18"]
[EventType "swiss"]
[EventRounds "11"]
[EventCountry "BRA"]
[SourceTitle "EXT 2015"]
[Source "ChessBase"]
[SourceDate "2014.11.20"]
[SourceVersion "1"]
[SourceVersionDate "2014.11.20"]
[SourceQuality "1"]

1. d4 Nf6 2. c4 g6 3. Nc3 Bg7 4. e4 d6 5. Nf3 0-0 6. h3 e5 7. d5 Nbd7 8. Bg5 a5 9. Be2 Nc5 10. Nd2 h6 11. Be3 Nfd7 12. g4 Kh7 13. Nb3 b6 14. Nxc5 Nxc5 15. h4 Bd7 16. h5 g5 17. b3 Bf6 18. a3 Qc8 19. f3 Qb7 20. 0-0 Rfb8 21. Rb1 Qc8 22. Qc2 Kg7 23. b4 Nb7 24. Ra1 Be7 25. Rfc1 Kf8 26. Nd1 Ra7 27. Ra2 axb4 28. axb4 Rxa2 29. Qxa2 Ra8 30. Qb2 Qb8 31. Ra1 Ra7 32. Nc3 Qa8 33. Rxa7 Qxa7 34. Qa2 Qxa2 35. Nxa2 f6 36. Nc3 Ke8 37. Bd1 Kd8 38. Ba4 Kc8 39. Kf2 Bxa4 40. Nxa4 Kb8 41. Ke2 Ka7 42. Nc3 Nd8 43. Kd3 Ka6 44. Kc2 Bf8 45. Kb3 Be7 46. Nb5 Kb7 47. Ka4 Bf8 48. Nxc7 Kxc7 49. Kb5 Be7 50. Bxb6+ Kb7 51. c5 dxc5 52. bxc5 Nf7 53. Ba5 Bd8 54. Bb4 Kc7 55. d6+ Kb7 56. c6+ Kc8 57. Kc5 Kb8 58. Kd5 Bb6 59. Ke6 Nd8+ 60. Kd7 1-0

[Event "American Continental 10th"]
[Site "Praia da Pipa"]
[Date "2014.10.20"]
[Round "4"]
[White "Barata, Adriano Albiani"]
[Black "Cabezas Rojas, Bastian"]
[Result "0-1"]
[WhiteElo "2171"]
[BlackElo "1942"]
[PlyCount "72"]
[EventDate "2014.10.18"]
[EventType "swiss"]
[EventRounds "11"]
[EventCountry "BRA"]
[SourceTitle "EXT 2015"]
[Source "ChessBase"]
[SourceDate "2014.11.20"]
[SourceVersion "1"]
[SourceVersionDate "2014.11.20"]
[SourceQuality "1"]

1. e4 e5 2. Nf3 Nc6 3. Bb5 a6 4. Ba4 Nf6 5. 0-0 Be7 6. Re1 b5 7. Bb3 0-0 8. a4 Bb7 9. d3 d6 10. Nc3 b4 11. Nd5 Nxd5 12. Bxd5 Rb8 13. c3 bxc3 14. bxc3 Na5 15. Ba2 c5 16. d4 Qc7 17. Bg5 Bxg5 18. Nxg5 h6 19. Nf3 c4 20. Nh4 Bc8 21. Nf5 Bxf5 22. exf5 Nb3 23. Rb1 exd4 24. cxd4 Na5 25. f6 Rfe8 26. Rxe8+ Rxe8 27. Rc1 d5 28. fxg7 Qf4 29. g3 Qg5 30. Rb1 c3 31. Kf1 Qf5 32. Rc1 Qe4 33. Kg1 Qe2 34. Bxd5 Qd2 35. Kf1 Rd8 36. Bf3 Rxd4 0-1

[Event "American Continental 10th"]
[Site "Praia da Pipa"]
[Date "2014.10.18"]
[Round "1"]
[White "Cabezas Rojas, Bastian"]
[Black "Valdes Escobar, Alvaro Daniel"]
[Result "0-1"]
[WhiteElo "1942"]
[BlackElo "2378"]
[PlyCount "138"]
[EventDate "2014.10.18"]
[EventType "swiss"]
[EventRounds "11"]
[EventCountry "BRA"]
[SourceTitle "EXT 2015"]
[Source "ChessBase"]
[SourceDate "2014.11.20"]
[SourceVersion "1"]
[SourceVersionDate "2014.11.20"]
[SourceQuality "1"]

1. d4 Nf6 2. c4 e6 3. Nf3 Bb4+ 4. Bd2 a5 5. a3 Bxd2+ 6. Qxd2 0-0 7. Nc3 d6 8. e4 Nc6 9. b3 e5 10. d5 Nb8 11. Be2 Bg4 12. 0-0 Na6 13. Qc2 c6 14. Rfd1 Qb6 15. Na4 Qc7 16. Nc3 Rfd8 17. Ne1 Bxe2 18. Qxe2 Nc5 19. Rab1 a4 20. b4 Nb3 21. Nc2 Rdc8 22. Nxa4 Rxa4 23. Rxb3 cxd5 24. exd5 Qxc4 25. Qxc4 Rxc4 26. Ne3 Rc7 27. f3 g6 28. Kf2 Ra8 29. Ke2 Nd7 30. g4 Nb6 31. Kd2 Rac8 32. Ra1 Nc4+ 33. Nxc4 Rxc4 34. a4 Rd4+ 35. Ke3 f5 36. gxf5 gxf5 37. Ra2 f4+ 38. Kf2 Rxd5 39. b5 b6 40. a5 bxa5 41. Rxa5 Rd2+ 42. Ke1 Rxh2 43. Kd1 Kf7 44. Ra7+ Ke6 45. Rd3 Rg8 46. Rd2 Rg1+ 47. Kc2 Rxd2+ 48. Kxd2 Rb1 49. Ra5 Kd5 50. Kc2 Rf1 51. b6+ Kc6 52. Rb5 Kb7 53. Rb3 Re1 54. Rd3 Re2+ 55. Kd1 Re3 56. Rxd6 Rxf3 57. Ke2 Re3+ 58. Kf2 h5 59. Rf6 h4 60. Kg2 Rg3+ 61. Kf2 h3 62. Re6 h2 63. Rh6 Rb3 64. Kg2 Rxb6 65. Rh7+ Kc6 66. Kxh2 Kd5 67. Kg2 Ke4 68. Re7 Rb2+ 69. Kf1 Kf3 0-1